Statistics for Huge List of Famous Authors

Click here to take the quiz!

General Stats

  • This quiz has been taken 3,239 times
  • The average score is 64 of 121

Answer Stats

LifetimeWorksNationAuthor% Correct
1965-Harry Potter | Fantastic BeastsJ. K. Rowling
97%
1564-1616Romeo and Juliet | HamletWilliam Shakespeare
92%
1903-19501984 | Animal FarmGeorge Orwell
88%
928 BC-?Iliad | OdyssesHomer
88%
1892-1973Lord of the Rings | The HobbitJ.R.R. Tolkien
88%
1889-1945Mein KampfAdolf Hitler
87%
1812-1870Oliver Twist | David CopperfieldCharles Dickens
85%
1775-1817Pride and Prejudice | EmmaJane Austen
84%
1818-1883Das Kapital | The Communist ManifestoKarl Marx
84%
1828-1910War and Peace | Anna KareninaLeo Tolstoy
83%
1265-1321Divine Comedy | InfernoDante Alighieri
82%
1890-1976Murder on the Orient Express | Death on the NileAgatha Christie
81%
1835-1910The Adventures of Tom Sawyer | Life on the MississippiMark Twain
81%
1899-1961The Old Man and the Sea | A Farewell to ArmsErnest Hemingway
80%
1964-Da Vinci Code | Angels and DemonsDan Brown
79%
1797-1851Frankenstein | The Last ManMary Shelley
79%
1916-1990Charlie and the Chocolate Factory | MatildaRoald Dahl
79%
1947-The Body | The ShiningStephen King
79%
1816-1855Jane Eyre | VilletteCharlotte Brontë
78%
1809-1849The Raven | The tell-tale heartEdgar Allan Poe
77%
1802-1885Les Misérables | The Hunchback of Notre-DameVictor Hugo
77%
1896-1940The Great Gatsby | Tender Is the NightF. Scott Fitzgerald
76%
1926-2016To Kill a Mockingbird | Go Set a WatchmanHarper Lee
76%
1805-1875The Little Mermaid | The Ugly DucklingHans Christian
Andersen
75%
1865-1936The Jungle Book | If -Rudyard Kipling
75%
1904-1991The Cat in the Hat | How the Grinch Stole Christmas!Dr. Seuss
74%
1898-1963The Chronicles of NarniaC. S. Lewis
73%
1882-1941Ulysses | DublinersJames Joyce
73%
1859-1930The Adventures of Sherlock Holmes | The ParasiteArthur Conan Doyle
72%
1828-190520,000 Leagues Under the Sea |
Around the World in 80 Days
Jules Verne
72%
1832-1898Alice's Adventures in Wonderland | JabberwockyLewis Carroll
72%
1847-1912Dracula | The Jewel of Seven StarsBram Stoker
70%
1821-1881Crime and Punishment | The Brothers KaramazovFyodor Dostoevsky
70%
1902-1968Of Mice and Men | East of EdenJohn Steinbeck
70%
1802-1870The Three Musketeers | The Count of Monte CristoAlexandre Dumas
68%
1908-1964Casino Royale | Dr. NoIan Fleming
68%
1883-1924The Metamorphosis | The CastleFranz Kafka
67%
1340-1400The Canterbury Tales | General PrologueGeoffrey Chaucer
66%
1919-2010The Catcher in the Rye | Nine StoriesJ. D. Salinger
66%
1856-1939The Interpretation of Dreams | The Ego and the IdSigmund Freud
66%
1547-1616Don Quixote | Novelas EjemplaresMiguel de Cervantes
64%
1947-The Satanic Verse | Midnight's Children Salman Rushdie
64%
1948-A Game of Thrones | The Winds of WinterGeorge R. R. Martin
63%
1819-1891Moby Dick or the Whale | Billy BuddHerman Melville
62%
1723-1790The Wealth of Nations | The Invisible HandAdam Smith
61%
1894-1963Brave New World | The Doors of PerceptionAldous Huxley
61%
1866-1946The War of the Worlds | The Time MachineH. G. Wells
61%
1469-1527The Prince | The Art of WarNiccolo Machiavelli
61%
1899-1977Lolita | Laughter in the DarkVladimir Nabokov
61%
1854-1900The Importance of Being Earnest | SalomeOscar Wilde
60%
1927-2014100 Years of Solitude | Love in the Time of CholeraGabriel García Márquez
58%
1694-1778Candide | ZadigVoltaire
58%
1820-1895The Communist Manifesto | The Origin of the Family,
Private Property and the State
Friedrich Engels
57%
1876-1916The Call of the Wind | White FangJack London
57%
1924-1984Breakfast at Tiffany's | In Cold BloodTruman Capote
57%
1939-The Handmaid's Tale | Alias GraceMargaret Atwood
56%
1911-1983A Streetcar Named Desire | Cat on a Hot Tin RoofTennessee Williams
56%
1832-1888Little Women | Little MenLouisa May Alcott
55%
1844-1900God is dead | Thus Spoke ZarathustraFriedrich Nietzsche
54%
1922-2007Slaughterhouse-Five | Cat's CradleKurt Vonnegut
54%
1973-Twilight | Midnight SunStephenie Meyer
54%
1932-1963The Bell JarSylvia Plath
54%
1922-1969On the Road | The Dharma BumsJack Kerouac
53%
1857-1924Heart of Darkness | Jim LordJoseph Conrad
53%
1911-1993Lord of the Flies | The InheritorsWilliam Golding
53%
1660-1731Robinson Crusoe | Moll FlandersDaniel Defoe
52%
1920-2012Fahrenheit 451 | The Martian ChroniclesRay Bradbury
52%
1942-2008Jurassic Park | The Terminal ManMichael Crichton
51%
544 BC-496 BCThe Art of WarSun Tzu
51%
1882-1941Mrs Dalloway | To the LighthouseVirginia Woolf
51%
1913-1960The Stranger | The PlagueAlbert Camus
50%
1811-1896Uncle Tom's Cabin | The Minister's WooingHarriet Beecher Stowe
49%
1804-1864The Scarlet Letter | Young Goodman BrownNathaniel Hawthorne
48%
1900-1949Gone with the Wind | Lost LaysenMargaret Mitchell
47%
1840-1928Tess of the D'Urbervilles | Far from the Madding CrowdThomas Hardy
47%
1954-2004The Girl with the Dragon Tattoo |
The Girl Who Played with Fire
Stieg Larsson
45%
1962-The Hunger Games | MockingjaySuzanne Collins
45%
1749-1832Faust | EgmontJohann Wolfgang
von Goethe
44%
70 BC-19 BCAeneid | EcloguesVirgil
44%
1920-1986Dune | The Jesus IncidentFrank Herbert
43%
1860-1904Uncle Vanya | The Cherry OrchardAnton Chekhov
42%
1821-1880Madame Bovary | SalammbôGustave Flaubert
42%
1828-1906A Doll's House | GhostsHenrik Ibsen
42%
1931-2019Song of Solomon | BelovedToni Morrison
42%
1947-The Alchemist | Eleven MinutesPaulo Coelho
41%
1907-1989Rebecca | The BirdsDaphne du Maurier
39%
1963-Fifty Shades of Grey | Fifty Shades DarkerE. L. James
39%
1965-The Kite Runner | A Thousand Splendid Suns Khaled Hosseini
39%
1871-1922In Search of Lost Time | Swann's WayMarcel Proust
39%
496 BC-405 BCAntigone | Oedipus RexSophocles
37%
1900-1944The Little Prince | Wind, Sand and StarsAntoine de
Saint-Exupéry
36%
1879-1970A Passage to India | A Room with a ViewE. M. Forster
35%
1811-1863Vanity Fair | PendennisWilliam Makepeace
Thackeray
35%
1908-1986The Second Sex | The MandarinsSimone de Beauvoir
34%
1875-1955The Magic Mountain | Death in VeniceThomas Mann
34%
1952-The Joy Luck Club | Two KindsAmy Tan
32%
1877-1962Siddhartha | DemianHermann Hesse
32%
1905-1980Nausea | Being and NothingnessJean-Paul Sartre
32%
1944-The Color Purple | Everyday UseAlice Walker
31%
1917-20082001: A Space Odyssey | Rendezvous with RamaArthur C. Clarke
31%
1712-1778The Social Contract | Discourse on InequalityJean-Jacques
Rousseau
31%
1954-The Remains of the Day | Never Let Me Go Kazuo Ishiguro
29%
1949-Norwegian Wood | 1Q84Haruki Murakami
28%
1927-2015The Tin Drum | Cat and MouseGünter Grass
27%
1840-1902L'Assommoir | GerminalÉmile Zola
26%
1809-1852Dead Souls | The OvercoatNikolai Gogol
26%
1907-2002Pippi Longstocking | Ronia, the Robber's DaughterAstrid Lindgren
25%
1628-1688The Pilgrim's Progress | The Holy WarJohn Bunyan
24%
1963-Life of Pi | SelfYann Martel
24%
1904-1973Twenty Love Poems and a Song of Despair |
100 Love Sonnets
Pablo Neruda
22%
1799-1837The Captain's Daughter | DubrovskyAlexander Pushkin
17%
1888-1953Long Day's Journey Into Night | The Iceman ComethEugene O'Neill
17%
1956-Memoirs of a GeishaArthur Golden
13%
1873-1954Gigi | Claudine at SchoolColette
13%
1952-Snow | The Museum of InnocenceOrhan Pamuk
12%
973-1031The Tale of GenjiMurasaki Shikibu
9%
1961-The Hundred-Year-Old Man Who Climbed Out
the Window and Disappeared | The Girl Who Saved
the King of Sweden
Jonas Jonasson
8%
1951-Call Me by Your Name | Find Me André Aciman
7%
1964-Three Sisters | The moon operaBi Feiyu
5%
1957-Ring | SpiralKoji Suzuki
5%
1903-1951The Blind Owl | Dash AkolSadegh Hedayat
4%

Score Distribution

Percentile by Number Answered

Percent of People with Each Score

Your Score History

You have not taken this quiz